Agircultural extension ការផ្សព្វផ្សាយកសិកម្ម (Record no. 9746)

000 -LEADER
fixed length control field 00341nam a22001217a 4500
040 ## - CATALOGING SOURCE
Transcribing agency HS
082 ## - DEWEY DECIMAL CLASSIFICATION NUMBER
Classification number 630
100 ## - MAIN ENTRY--AUTHOR NAME
Personal name សាន សុគន្ធា
245 ## - TITLE STATEMENT
Title Agircultural extension ការផ្សព្វផ្សាយកសិកម្ម
260 ## - PUBLICATION, DISTRIBUTION, ETC. (IMPRINT)
Place of publication RUA
Name of publisher សាន សុគន្ធា
Year of publication NA
300 ## - PHYSICAL DESCRIPTION
Number of Pages 147p;
942 ## - ADDED ENTRY ELEMENTS (KOHA)
Koha item type សៀវភៅភាសាខ្មែរ
952 ## - LOCATION AND ITEM INFORMATION (KOHA)
Withdrawn status [LOCAL, KOHA] 0
Holdings
Permanent Location Date acquired Koha item type Lost status Shelving location Barcode Current Location Full call number
Library Block C2016-09-08សៀវភៅភាសាខ្មែរ C241RUA045507Library Block C630 សាន NA C241
មជ្ឈមណ្ឌលឯការនៃសាកលវិទ្យាល័យភូមិន្ទកសិកម្មចំការដូង

Powered by Koha